000 00568nam a2200217Ia 4500
003 OSt
005 20220928151948.0
006 a|||||r|||| 00| 0
007 ta
008 220927b |||||||| |||| 00| 0 hin d
024 _a132495
037 _cTextual
040 _aSDCL
_cSDCL
_bhin
041 _2hin
_ahin
082 _aR693, P4
100 _aSubhasha Sadhvi
_9518580
245 0 _aJaina Darsana
_b Samyak jmam darsan charitira ke paripreksya men
260 _c2004
942 _hR693, P4
_cTEXL
_2CC
999 _c853521
_d853521